书目信息 |
| 题名: |
城镇燃气报警控制系统技术规程
|
|
| 作者: | 中华人民共和国住房和城乡建设部 ;中国建筑科学研究院 主编 ;中华人民共和国住房和城乡建设部 批准 | |
| 分册: | ||
| 出版信息: | 北京 中国建筑工业出版社 2011.04 |
|
| 页数: | 51页 | |
| 开本: | 21cm | |
| 丛书名: | 中华人民共和国行业标准 | |
| 单 册: | ||
| 中图分类: | T-652.6 , TU996-65 | |
| 科图分类: | ||
| 主题词: | 城镇燃气--di xia gong cheng--报警控制系统--技术规程--中国 , 城市--煤气--供应 | |
| 电子资源: | ||
| ISBN: | ||
| 000 | 01668nam 2200349 450 | |
| 001 | 1557091013 | |
| 005 | 20150427155221.58 | |
| 010 | @dCNY10.00 | |
| 091 | @a15112·20249@dCNY10.00 | |
| 094 | @aCN@bCJJ/T 146-2011 | |
| 100 | @a20110324d2011 ekmy0chiy50 ea | |
| 101 | 0 | @achi |
| 102 | @aCN@b110000 | |
| 105 | @aa z 000yy | |
| 200 | 1 | @a城镇燃气报警控制系统技术规程@Acheng zhen ran qi bao jing kong zhi xi tong ji shu gui cheng@d=Technical specificatioin for gas alarm and control system@e备案号 J 1165-2011@f中华人民共和国住房和城乡建设部@Fzhong hua ren min gong he guo zhu fang he cheng xiang jian she bu@zeng |
| 210 | @a北京@c中国建筑工业出版社@d2011.04 | |
| 215 | @a51页@c图@d21cm | |
| 225 | 2 | @a中华人民共和国行业标准@Azhong hua ren min gong he guo hang ye biao zhun |
| 300 | @a本规范由中华人民共和国住房和城乡建设部于2011-02-11发布, 2011-12-01实施。 | |
| 330 | @a本标准内容包括:总则、术语、设计、安装、验收、使用和维护等。 | |
| 410 | 0 | @12001 @a中华人民共和国行业标准 |
| 510 | 1 | @aTechnical specificatioin for gas alarm and control system@zeng |
| 517 | 1 | @a备案号 J 1165-2011@Abei an hao J 1165-2011 |
| 606 | 0 | @a城镇燃气@Adi xia gong cheng@x报警控制系统@x技术规程@y中国 |
| 606 | 0 | @a城市@x煤气@x供应 |
| 690 | @aT-652.6@v5 | |
| 690 | @aTU996-65@v4 | |
| 701 | 0 | @a中华人民共和国住房和城乡建设部@Azhong hua ren min gong he guo zhu fang he cheng xiang jian she bu |
| 711 | 02 | @a中国建筑科学研究院@AZhongguo jian zhu ke xue yan jiu yuan@4主编 |
| 712 | 02 | @a中华人民共和国住房和城乡建设部@AZhong hua ren min gong he guo zhu fang he cheng xiang jian she bu@4批准 |
| 801 | 0 | @aCN@c20110610 |
| 905 | @b1016045-7@dTU996-65@eZ9113@f3 | |
| 城镇燃气报警控制系统技术规程=Technical specificatioin for gas alarm and control system:备案号 J 1165-2011/中华人民共和国住房和城乡建设部.-北京:中国建筑工业出版社,2011.04 |
| 51页:图;21cm.-(中华人民共和国行业标准) |
| 本规范由中华人民共和国住房和城乡建设部于2011-02-11发布, 2011-12-01实施。 |
| ISBN :CNY10.00 |
| 本标准内容包括:总则、术语、设计、安装、验收、使用和维护等。 |
| ● |
| 相关链接 |
|
|
|
正题名:城镇燃气报警控制系统技术规程
索取号:TU996-65/Z9113
 
预约/预借
| 序号 | 登录号 | 条形码 | 馆藏地/架位号 | 状态 | 备注 |
| 1 | 496417 | 204964173 | 能源与建筑环境工程学院资料室/ [索取号:TU996-65/Z9113] | 在馆 |